Return Of The Taliban/ (Record no. 208475)

MARC details
000 -LEADER
fixed length control field 00591nam a22001937a 4500
005 - DATE AND TIME OF LATEST TRANSACTION
control field 20250117102641.0
010 ## - LCCN (DPL NO)
LC control number ENG-143390
020 ## - INTERNATIONAL STANDARD BOOK NUMBER
Terms of availability 695.00
International Standard Book Number 9788119670031
035 ## - SYSTEM CONTROL NUMBER
System control number EN-126922
037 ## - SOURCE OF ACQUISITION
Source of stock number/acquisition DBAD
082 ## - DEWEY DECIMAL CLASSIFICATION NUMBER
Classification number 363.325
100 ## - MAIN ENTRY--PERSONAL NAME
Personal name Mukarji, Apratim
245 00 - TITLE STATEMENT
Title Return Of The Taliban/
Statement of responsibility, etc by Apratim Mukarji
250 ## - EDITION STATEMENT
Edition statement 1
260 ## - PUBLICATION, DISTRIBUTION, ETC. (IMPRINT)
Place of publication, distribution, etc New Delhi
Name of publisher, distributor, etc Vitasta Publishing Pvt Ltd
Date of publication, distribution, etc 2024
270 ## - ADDRESS
Address 4348/4C, Ansari Road, Darya Ganj
City New Delhi
Postal code 110002
Electronic mail address info@vitastapublishing.com
300 ## - PHYSICAL DESCRIPTION
Extent lii,292p.
Dimensions 22cm(Hb)
942 ## - ADDED ENTRY ELEMENTS (KOHA)
Source of classification or shelving scheme Dewey Decimal Classification
Item type English Books
Call number suffix MUK
Classification part 363.325
Holdings
Withdrawn status Lost status Not for loan Collection code Home library Current library Date acquired Source of acquisition Cost, normal purchase price Full call number Barcode Copy number Cost, replacement price Koha item type
      Non-fiction Central Library Central Library 14/01/2025 Delivery of Books Act Division 695.00 363.325 MUK EN-126922 1 695.00 English Books

© Delhi Public Library
Hit Counter
free hit counter